000 00880nam a22001937a 4500
999 _c2730
_d2730
003 OSt
005 20230816111349.0
008 230816b ||||| |||| 00| 0 eng d
020 _a9781850083443
040 _cKH8
082 _a900 WIL
100 _aWilkes, Aaron,
_eauthor.
245 _aKs3 History by Aaron Wilkes: Invasion, Plague & Murder Student Book /
_cAaron Wilkes.
260 _aIreland;
_bFolens,
_c2008.
300 _a144 pages:
_c8.66 x 0.31 x 10.91 inches.
520 _aThe main text combines enquiries with factual narrative, all written in an approachable and understandable style, including: BL relevant and fascinating facts BL interesting and motivating activities BL specific sections to extend or reinforce learning Content has been thoroughly researched and revised to deliver exactly what you need..
650 _aHistory
_vStudent book
942 _2ddc
_cTR